<?xml version="1.0" encoding="UTF-8"?>
<marc:record xmlns:marc="http://www.loc.gov/MARC21/slim">
   <marc:leader>00000nam a2200000 a 4500</marc:leader>
   <marc:datafield ind1="1" ind2=" " tag="100">
      <marc:subfield code="a">Einzinger, Erwin</marc:subfield>
      <marc:subfield code="4">aut</marc:subfield>
      <marc:subfield code="e">Verfasser/-in</marc:subfield>
   </marc:datafield>
   <marc:datafield ind1="0" ind2="0" tag="245">
      <marc:subfield code="a">Hunde am Fenster</marc:subfield>
   </marc:datafield>
   <marc:datafield ind1="0" ind2="0" tag="245">
      <marc:subfield code="b">Gedichte</marc:subfield>
   </marc:datafield>
   <marc:datafield ind1="0" ind2="0" tag="245">
      <marc:subfield code="c">Erwin Einzinger</marc:subfield>
   </marc:datafield>
   <marc:datafield ind1=" " ind2="1" tag="264">
      <marc:subfield code="a">Salzburg</marc:subfield>
      <marc:subfield code="b">Jung und Jung</marc:subfield>
      <marc:subfield code="c">2008</marc:subfield>
   </marc:datafield>
   <marc:datafield ind1="1" ind2=" " tag="520">
      <marc:subfield code="a">Angaben aus der Verlagsmeldung

Hunde am Fenster : Gedichte

Wer traut sich hinaus, wenn draußen die bösen Wetter niedergehen und nicht einmal die Hunde vor die Tür wollen? So seltsam es auch klingen mag: das Gedicht traut sich, wie es sich überhaupt fast alles zutraut, jedenfalls das von Erwin Einzinger gepuzzelte. Selten hat sich das Unvorhergesehene, Unerwartete, ja Unerhörte so geistesgegenwärtig zu Versen gefügt wie hier. Wer aufzählen wollte, was da jeweils ohne alle Umstände in einem Gedicht zusammenkommt, den würde man ziemlich ungläubig anschauen, bis man’s denn selber liest und denkt: mein Gott, gewiß, so ist die Welt, sie könnte schlimmer sein.
Erwin Einzingers Gedichte, aufgeweckt, heiter und von brillanter Virtuosität, sind ganz auf der Höhe des Könnens dieses Autors. Und auf der Höhe der Zeit.
</marc:subfield>
   </marc:datafield>
   <marc:datafield ind1=" " ind2=" " tag="020">
      <marc:subfield code="a">9783902497352</marc:subfield>
      <marc:subfield code="9">9783902497352</marc:subfield>
   </marc:datafield>
   <marc:datafield ind1=" " ind2=" " tag="020">
      <marc:subfield code="a">3902497351</marc:subfield>
      <marc:subfield code="9">3902497351</marc:subfield>
   </marc:datafield>
   <marc:datafield ind1=" " ind2=" " tag="041">
      <marc:subfield code="a">ger</marc:subfield>
   </marc:datafield>
   <marc:datafield ind1=" " ind2=" " tag="300">
      <marc:subfield code="a">142 S.</marc:subfield>
   </marc:datafield>
</marc:record>
